000 00371nam a2200157Ia 4500
008 160316s1984 xxu||||| |||| 00| 0 eng d
082 _a344.046000
_bFER
100 _aFernandes Walter
245 _aThe forest question
250 _a
260 _a
_bEconomic and Political Weekly
_c1984
300 _a1
_b
_c
365 _b
650 _a1. Forest land
700 _a
_a
999 _c39562
_d39562